000
00332 a2200133 4500
000
nam a22 7a 4500
100
_a
Sachin Kumar
110
_a
Sachin Kumar
245
_a
Sharirik Shiksha Vastunisthya
250
_a
Latest edition
260
_b
Khel Sahitya Kendra
_c
2025
264
_b
Khel Sahitya Kendra
_c
2025
942
_c
BK
999
_c
393760
_d
393760